000 00652nam a2200205 4500
001 126541
003 ES-MaACL
005 20250817062555.0
007 t|
008 070214s1979 sp r ||||1| spa d
100 1 _aRepollés Moliner, José.
_996273
245 1 0 _aNitrosación de aminas secundarias como factor de carcinogénesis ambiental /
_cJosé Repollés Moliner.
260 _aMadrid :
_bFundación Juan March,
_c1979.
300 _a45 p. ;
_c21 cm.
490 1 _aSerie universitaria
710 2 _aFundación Juan March
_94346
830 0 _aSerie universitaria
_9180747
852 _aES-MaACL
_j2110-F-7
_bR.99112
999 _c126541
_d126541